000 00585nam a2200253Ia 4500
003 OSt
005 20220912145804.0
006 a|||||r|||| 00| 0
007 ta
008 220909b |||||||| |||| 00| 0 eng d
024 _a76404
037 _cTextbook
040 _aCSL
_beng
_cCSL
041 _aeng
082 _aG:55, K6;2
100 _aSmith Robert Leo
245 0 _aEcology and fiel biology
250 _a2
260 _c1966
300 _ap.
_ccm.
650 _aEcology
942 _hG:55, K6;2
_cTB
_2CC
999 _c38316
_d38316